Harry Potter Objects - Sudden Death - Statistics

General Stats
  • This quiz has been taken 154 times
  • The average score is 9 of 20
Answers on the Grid
Answers color-coded by a green-red scale on the quiz's grid according to % correct below.
Marauders Map
Goblet of Fire
Mirror of Misfortunes
Gillyweed
Fluxweed
Resurrection Stone
Invisibility Cloak
Batwing Bulbols
Deluminator
Time Turner
Ouroboros
Quill of Acceptance
Amortentia
Locket of Derath
Mendelevium Mandrakes
Peruvian Instant Darkness Powder
Portkey
Book of Breathings
Caput Carmons
Spectrespecs
Jumping Fancies
Quick Quotes Quill
Sneakoscope
Mirror of Erised
Book of Admittance
Cleansweep 14
Knotgrass
Everlasting Ink
Foe Glass
Aether Roots
 
Answer Stats
Answer % Correct
Goblet of Fire
95%
Marauders Map
93%
Invisibility Cloak
88%
Resurrection Stone
78%
Time Turner
70%
Gillyweed
66%
Portkey
64%
Deluminator
62%
Amortentia
47%
Mirror of Erised
47%
Peruvian Instant Darkness Powder
38%
Everlasting Ink
31%
Quick Quotes Quill
29%
Fluxweed
27%
Sneakoscope
27%
Knotgrass
24%
Spectrespecs
19%
Foe Glass
18%
Quill of Acceptance
12%
Book of Admittance
9%
No matching quizzes found
Score Distribution
Percent of People with Each Score
Percentile by Number Answered
Your Score History
You have not taken this quiz